Normal view MARC view
  • Sirois, Margi

Entry Personal Name

Number of records used in: 1

001 - CONTROL NUMBER

  • control field: 330

003 - CONTROL NUMBER IDENTIFIER

  • control field: DLC

005 - DATE AND TIME OF LATEST TRANSACTION

  • control field: 20230728063551.0

008 - FIXED-LENGTH DATA ELEMENTS

  • fixed length control field: 940805n| azannaabn |n aaa

010 ## - LIBRARY OF CONGRESS CONTROL NUMBER

  • LC control number: n 94802554

035 ## - SYSTEM CONTROL NUMBER

  • System control number: (OCoLC)oca03657396

040 ## - CATALOGING SOURCE

  • Original cataloging agency: DNLM
  • Language of cataloging: eng
  • Description conventions: rda
  • Transcribing agency: DLC
  • Modifying agency: DNLM

100 1# - HEADING--PERSONAL NAME

  • Personal name: Sirois, Margi

670 ## - SOURCE DATA FOUND

  • Source citation: Veterinary clinical laboratory procedures, c1995:
  • Information found: CIP t.p. (Margi Sirois, M.S., R.V.T.; Veterinary Technician Program, Camden County College, Blackwood, NJ)